El fascismo como categoría histórica: en torno al problema de las dictaduras en América Latina /
Guardado en:
| Hovedforfatter: | |
|---|---|
| Format: | Texto |
| Fag: | |
| Tags: |
Tilføj Tag
Ingen Tags, Vær først til at tagge denne postø!
|
MARC
| LEADER | 00000 a a2200000 04500 | ||
|---|---|---|---|
| 001 | 44226 | ||
| 003 | |||
| 040 | |||
| 100 | |a Boron, Atilio A | ||
| 245 | |a El fascismo como categoría histórica: |b en torno al problema de las dictaduras en América Latina / |c Atilio A Boron | ||
| 650 | |a FASCISMO | ||
| 650 | |a AMERICA LATINA | ||
| 650 | |a CAPITALISMO | ||
| 650 | |a POLITICA | ||
| 773 | |g volumen39, número2 ( , 1977), Páginas 481-528 | ||
| 999 | |c 29368 |d 29368 | ||
